<?xml version="1.0" encoding="UTF-8"?>
<record
    xmlns:xsi="http://www.w3.org/2001/XMLSchema-instance"
    xsi:schemaLocation="http://www.loc.gov/MARC21/slim http://www.loc.gov/standards/marcxml/schema/MARC21slim.xsd"
    xmlns="http://www.loc.gov/MARC21/slim">

  <leader>03397nam0a22004811  4500</leader>
  <controlfield tag="001">RU\NLR\A1\26670</controlfield>
  <controlfield tag="005">20260407103946.0</controlfield>
  <datafield tag="035" ind1=" " ind2=" ">
    <subfield code="a">(NLR Aleph) 009680989</subfield>
  </datafield>
  <datafield tag="090" ind1=" " ind2=" ">
    <subfield code="a">9701911</subfield>
    <subfield code="c">9701911</subfield>
  </datafield>
  <datafield tag="100" ind1=" " ind2=" ">
    <subfield code="a">19980508d1798    m  y0rusy50      ca</subfield>
  </datafield>
  <datafield tag="101" ind1="0" ind2=" ">
    <subfield code="a">rus</subfield>
  </datafield>
  <datafield tag="102" ind1=" " ind2=" ">
    <subfield code="a">RU</subfield>
  </datafield>
  <datafield tag="140" ind1=" " ind2=" ">
    <subfield code="a">y   y            cayaa0000  </subfield>
  </datafield>
  <datafield tag="200" ind1="1" ind2=" ">
    <subfield code="a">&#x422;&#x43E;&#x440;&#x436;&#x435;&#x441;&#x442;&#x432;&#x43E; &#x43F;&#x440;&#x430;&#x432;&#x43E;&#x441;&#x443;&#x434;&#x438;&#x44F; &#x438; &#x434;&#x43E;&#x431;&#x440;&#x43E;&#x434;&#x435;&#x442;&#x435;&#x43B;&#x438;, &#x438;&#x43B;&#x438; &#x414;&#x43E;&#x431;&#x440;&#x43E;&#x439; &#x441;&#x443;&#x434;&#x44C;&#x44F;.</subfield>
    <subfield code="e">&#x414;&#x440;&#x430;&#x43C;&#x430; &#x432; &#x43F;&#x44F;&#x442;&#x438; &#x434;&#x435;&#x439;&#x441;&#x442;&#x432;&#x438;&#x44F;&#x445;.</subfield>
    <subfield code="e">&#x421; &#x43F;&#x440;&#x438;&#x441;&#x43E;&#x432;&#x43E;&#x43A;&#x443;&#x43F;&#x43B;&#x435;&#x43D;&#x438;&#x435;&#x43C; &#x430;&#x432;&#x442;&#x43E;&#x440;&#x43E;&#x432;&#x430; &#x437;&#x430;&#x432;&#x435;&#x449;&#x430;&#x43D;&#x438;&#x44F; &#x43A; &#x434;&#x440;&#x443;&#x437;&#x44C;&#x44F;&#x43C; &#x441;&#x432;&#x43E;&#x438;&#x43C;</subfield>
  </datafield>
  <datafield tag="210" ind1=" " ind2=" ">
    <subfield code="a">&#x41C;&#x43E;&#x441;&#x43A;&#x432;&#x430;</subfield>
    <subfield code="c">&#x432; &#x423;&#x43D;&#x438;&#x432;&#x435;&#x440;&#x441;&#x438;&#x442;&#x435;&#x442;&#x441;&#x43A;&#x43E;&#x439; &#x442;&#x438;&#x43F;&#x43E;&#x433;&#x440;&#x430;&#x444;&#x438;&#x438;, &#x443; &#x420;&#x438;&#x434;&#x438;&#x433;&#x435;&#x440;&#x430; &#x438; &#x41A;&#x43B;&#x430;&#x443;&#x434;&#x438;&#x44F;</subfield>
    <subfield code="d">1798</subfield>
  </datafield>
  <datafield tag="215" ind1=" " ind2=" ">
    <subfield code="a">142 &#x441;.</subfield>
    <subfield code="d">12&#xB0;</subfield>
  </datafield>
  <datafield tag="300" ind1=" " ind2=" ">
    <subfield code="a">&#x426;&#x435;&#x43D;&#x437;.: &#x41C;&#x43E;&#x441;&#x43A;. &#x446;&#x435;&#x43D;&#x437;. (&#x442;&#x438;&#x442;. &#x43B;.)</subfield>
  </datafield>
  <datafield tag="316" ind1=" " ind2=" ">
    <subfield code="a">&#x42D;&#x43A;&#x437;. &#x420;&#x41D;&#x411; (137/742) &#x44F;&#x432;&#x43B;&#x44F;&#x435;&#x442;&#x441;&#x44F; &#x447;&#x430;&#x441;&#x442;&#x44C;&#x44E; &#x432;&#x43B;&#x430;&#x434;&#x435;&#x43B;&#x44C;&#x447;. &#x43A;&#x43E;&#x43D;&#x432;&#x43E;&#x43B;&#x44E;&#x442;&#x430;. &#x41F;&#x440;&#x438;&#x43F;&#x43B;. 2 &#x435;&#x434;. &#x412; &#x441;&#x43E;&#x441;&#x442;&#x430;&#x432;. &#x43A;&#x430;&#x440;&#x442;&#x43E;&#x43D;. &#x43F;&#x435;&#x440;., &#x43E;&#x431;&#x442;&#x44F;&#x43D;&#x443;&#x442;&#x43E;&#x43C; &#x431;&#x435;&#x436;&#x435;&#x432;&#x430;&#x442;&#x43E;&#x439; &#x431;&#x443;&#x43C;&#x430;&#x433;&#x43E;&#x439;, &#x441; &#x43A;&#x43E;&#x436;. &#x43A;&#x43E;&#x440;&#x438;&#x447;&#x43D;&#x435;&#x432;&#x44B;&#x43C;&#x438; &#x43A;&#x43E;&#x440;&#x435;&#x448;&#x43A;&#x43E;&#x43C; &#x438; &#x443;&#x433;&#x43E;&#x43B;&#x43A;&#x430;&#x43C;&#x438;. &#x41A;&#x43E;&#x440;&#x435;&#x448;&#x43E;&#x43A; &#x433;&#x43B;&#x430;&#x434;&#x43A;&#x438;&#x439;, &#x441; &#x431;&#x43B;&#x438;&#x43D;&#x442;&#x43E;&#x432;&#x44B;&#x43C; &#x442;&#x438;&#x441;&#x43D;&#x435;&#x43D;&#x438;&#x435;&#x43C; &#x438; &#x444;&#x440;&#x430;&#x433;&#x43C;. &#x43D;&#x430;&#x43A;&#x43B;&#x435;&#x439;&#x43A;&#x438; &#x441; &#x437;&#x430;&#x433;&#x43B;. &#x41D;&#x430; &#x43D;&#x438;&#x436;&#x43D;&#x435;&#x439; &#x43A;&#x440;&#x44B;&#x448;&#x43A;&#x435; &#x43F;&#x435;&#x440;. &#x44D;&#x43A;&#x441;&#x43B;&#x438;&#x431;&#x440;&#x438;&#x441; &#x440;&#x443;&#x441;. &#x444;&#x43E;&#x43D;&#x434;&#x430; &#x413;&#x41F;&#x411; &#x441; &#x448;&#x438;&#x444;&#x440;&#x43E;&#x43C;. &#x41D;&#x430; &#x444;&#x43E;&#x440;&#x437;&#x430;&#x446;&#x435; &#x44F;&#x440;&#x43B;&#x44B;&#x43A; &#x441; &#x448;&#x438;&#x444;&#x440;&#x43E;&#x43C; &#x420;&#x41D;&#x411;, &#x440;&#x443;&#x43A;&#x43E;&#x43F;. &#x441;&#x43E;&#x434;&#x435;&#x440;&#x436;&#x430;&#x43D;&#x438;&#x435; &#x43A;&#x43E;&#x43D;&#x432;&#x43E;&#x43B;&#x44E;&#x442;&#x430; &#x438; &#x432;&#x43B;&#x430;&#x434;&#x435;&#x43B;&#x44C;&#x447;. &#x43D;&#x430;&#x434;&#x43F;&#x438;&#x441;&#x44C;: "&#x421;&#x438;&#x44F; &#x43A;&#x43D;&#x438;&#x433;&#x430; &#x43F;&#x440;&#x438;&#x43D;&#x430;&#x434;&#x43B;&#x435;&#x436;&#x438;&#x442; &#x41D;&#x438;&#x43A;&#x43E;&#x43B;&#x430;&#x44E; &#x425;&#x43E;&#x43B;&#x43C;[&#x43D;&#x440;&#x437;&#x431;] 1812&#x433;&#x43E; &#x433;&#x43E;&#x434;&#x443; 13&#x433;&#x43E; &#x433;&#x43E;&#x434;&#x443;". &#x41D;&#x430; &#x43E;&#x431;&#x43E;&#x440;&#x43E;&#x442;&#x435; &#x444;&#x43E;&#x440;&#x437;&#x430;&#x446;&#x430; &#x43F;&#x440;&#x43E;&#x431;&#x430; &#x43F;&#x435;&#x440;&#x430; - &#x441;&#x43B;&#x43E;&#x432;&#x43E; "&#x41C;&#x43E;&#x441;&#x43A;&#x432;&#x430;". &#x41D;&#x430; &#x43E;&#x431;&#x43E;&#x440;&#x43E;&#x442;&#x435; &#x442;&#x438;&#x442;. &#x43B;. &#x438; &#x441;.33 &#x43A;&#x440;&#x443;&#x433;&#x43B;&#x44B;&#x439; &#x448;&#x442;&#x430;&#x43C;&#x43F; &#x413;&#x41F;&#x411;</subfield>
    <subfield code="5">NLR: 17.139.6.11</subfield>
  </datafield>
  <datafield tag="316" ind1=" " ind2=" ">
    <subfield code="a">&#x42D;&#x43A;&#x437;. &#x420;&#x41D;&#x411; (18.166.2.38) &#x432; &#x433;&#x43E;&#x43B;&#x443;&#x431;&#x43E;&#x439; &#x431;&#x443;&#x43C;&#x430;&#x436;. &#x43E;&#x431;&#x43B;. &#x41D;&#x430; 1-&#x439; &#x441;. &#x43E;&#x431;&#x43B;. &#x44F;&#x440;&#x43B;&#x44B;&#x43A; &#x441; &#x448;&#x438;&#x444;&#x440;&#x43E;&#x43C; &#x420;&#x41D;&#x411;, &#x43D;&#x430; 2-&#x439;&#x441;. &#x43E;&#x431;&#x43B;. &#x441;&#x442;&#x430;&#x440;&#x44B;&#x439; &#x44F;&#x440;&#x43B;&#x44B;&#x43A;. &#x41D;&#x430; 1-&#x439; &#x441;. &#x43E;&#x431;&#x43B;. , &#x43D;&#x430; &#x442;&#x438;&#x442;. &#x43B;., &#x441;.3, 15, 33, 63, 115, 132, 133, 135 &#x438; 142 &#x43A;&#x440;&#x443;&#x433;&#x43B;&#x44B;&#x439; &#x448;&#x442;&#x430;&#x43C;&#x43F; &#x413;&#x41F;&#x411;</subfield>
    <subfield code="5">NLR: 18.166.2.38</subfield>
  </datafield>
  <datafield tag="317" ind1=" " ind2=" ">
    <subfield code="a">&#x412; &#x44D;&#x43A;&#x437;. &#x420;&#x41D;&#x411; (137/742) &#x43D;&#x430; &#x442;&#x438;&#x442;. &#x43B;. &#x43D;&#x430;&#x434;&#x43F;&#x438;&#x441;&#x44C;: "&#x2116; 215 &#x431;&#x438;&#x431;&#x43B;&#x438;&#x43E;&#x442;&#x435;&#x43A;&#x438; &#x415;&#x444;&#x440;&#x435;&#x43C;&#x43E;&#x432;&#x430;"</subfield>
    <subfield code="5">NLR: 17.139.6.11</subfield>
  </datafield>
  <datafield tag="317" ind1=" " ind2=" ">
    <subfield code="a">&#x42D;&#x43A;&#x437;. &#x417;&#x41D;&#x411; &#x421;&#x413;&#x423; &#x438;&#x437; &#x431;-&#x43A;&#x438; &#x418;.&#x410;.&#x428;&#x43B;&#x44F;&#x43F;&#x43A;&#x438;&#x43D;&#x430;</subfield>
    <subfield code="5">&#x417;&#x41D;&#x411; &#x421;&#x413;&#x423;</subfield>
  </datafield>
  <datafield tag="321" ind1="1" ind2=" ">
    <subfield code="a">&#x421;&#x41A; XVIII 3802</subfield>
  </datafield>
  <datafield tag="517" ind1="1" ind2=" ">
    <subfield code="a">&#x414;&#x43E;&#x431;&#x440;&#x43E;&#x439; &#x441;&#x443;&#x434;&#x44C;&#x44F;</subfield>
  </datafield>
  <datafield tag="518" ind1="1" ind2=" ">
    <subfield code="a">&#x414;&#x43E;&#x431;&#x440;&#x44B;&#x439; &#x441;&#x443;&#x434;&#x44C;&#x44F;</subfield>
  </datafield>
  <datafield tag="620" ind1=" " ind2=" ">
    <subfield code="d">&#x41C;&#x43E;&#x441;&#x43A;&#x432;&#x430;</subfield>
  </datafield>
  <datafield tag="700" ind1=" " ind2="1">
    <subfield code="4">070</subfield>
    <subfield code="8">rus</subfield>
    <subfield code="7">ca</subfield>
    <subfield code="a">&#x41B;&#x43E;&#x43F;&#x443;&#x445;&#x438;&#x43D;</subfield>
    <subfield code="b">&#x418;. &#x412;.</subfield>
    <subfield code="f">1756-1816</subfield>
    <subfield code="g">&#x418;&#x432;&#x430;&#x43D; &#x412;&#x43B;&#x430;&#x434;&#x438;&#x43C;&#x438;&#x440;&#x43E;&#x432;&#x438;&#x447;</subfield>
    <subfield code="3">RU\NLR\AUTH\77106940</subfield>
    <subfield code="9">89865</subfield>
  </datafield>
  <datafield tag="702" ind1=" " ind2="1">
    <subfield code="a">&#x415;&#x444;&#x440;&#x435;&#x43C;&#x43E;&#x432;</subfield>
    <subfield code="5">NLR: 17.139.6.11</subfield>
    <subfield code="4">390</subfield>
  </datafield>
  <datafield tag="702" ind1=" " ind2="1">
    <subfield code="4">610</subfield>
    <subfield code="7">ca</subfield>
    <subfield code="8">rus</subfield>
    <subfield code="a">&#x420;&#x438;&#x434;&#x438;&#x433;&#x435;&#x440;</subfield>
    <subfield code="b">&#x425;.</subfield>
    <subfield code="g">&#x425;&#x440;&#x438;&#x441;&#x442;&#x438;&#x430;&#x43D;</subfield>
    <subfield code="9">232514</subfield>
    <subfield code="3">RU\NLR\AUTH\770232570</subfield>
  </datafield>
  <datafield tag="702" ind1=" " ind2="1">
    <subfield code="4">610</subfield>
    <subfield code="7">ca</subfield>
    <subfield code="8">rus</subfield>
    <subfield code="a">&#x41A;&#x43B;&#x430;&#x443;&#x434;&#x438;&#x439;</subfield>
    <subfield code="b">&#x425;.&#x410;.</subfield>
    <subfield code="f">-1805</subfield>
    <subfield code="g">&#x425;&#x440;&#x438;&#x441;&#x442;&#x43E;&#x444;&#x43E;&#x440; &#x410;&#x43B;&#x435;&#x43A;&#x441;&#x430;&#x43D;&#x434;&#x440;&#x43E;&#x432;&#x438;&#x447;</subfield>
    <subfield code="9">232381</subfield>
    <subfield code="3">RU\NLR\AUTH\770232437</subfield>
  </datafield>
  <datafield tag="702" ind1=" " ind2="1">
    <subfield code="4">390</subfield>
    <subfield code="8">rus</subfield>
    <subfield code="7">ca</subfield>
    <subfield code="a">&#x428;&#x43B;&#x44F;&#x43F;&#x43A;&#x438;&#x43D;</subfield>
    <subfield code="b">&#x418;. &#x410;.</subfield>
    <subfield code="f">1858-1918</subfield>
    <subfield code="g">&#x418;&#x43B;&#x44C;&#x44F; &#x410;&#x43B;&#x435;&#x43A;&#x441;&#x430;&#x43D;&#x434;&#x440;&#x43E;&#x432;&#x438;&#x447;</subfield>
    <subfield code="3">RU\NLR\AUTH\7784674</subfield>
    <subfield code="9">67602</subfield>
  </datafield>
  <datafield tag="712" ind1="0" ind2="2">
    <subfield code="4">610</subfield>
    <subfield code="a">&#x41C;&#x43E;&#x441;&#x43A;&#x43E;&#x432;&#x441;&#x43A;&#x438;&#x439; &#x443;&#x43D;&#x438;&#x432;&#x435;&#x440;&#x441;&#x438;&#x442;&#x435;&#x442;</subfield>
    <subfield code="b">&#x422;&#x438;&#x43F;&#x43E;&#x433;&#x440;&#x430;&#x444;&#x438;&#x44F;</subfield>
    <subfield code="3">RU\NLR\AUTH\889932963</subfield>
    <subfield code="9">361140</subfield>
  </datafield>
  <datafield tag="801" ind1=" " ind2="0">
    <subfield code="a">RU</subfield>
    <subfield code="b">NLR</subfield>
    <subfield code="c">19980508</subfield>
  </datafield>
  <datafield tag="852" ind1=" " ind2=" ">
    <subfield code="a">NLR</subfield>
    <subfield code="j">18.166.2.38</subfield>
  </datafield>
  <datafield tag="852" ind1=" " ind2=" ">
    <subfield code="a">NLR</subfield>
    <subfield code="j">137/742</subfield>
  </datafield>
  <datafield tag="899" ind1=" " ind2=" ">
    <subfield code="a">&#x417;&#x41D;&#x411; &#x421;&#x413;&#x423;</subfield>
  </datafield>
  <datafield tag="899" ind1=" " ind2=" ">
    <subfield code="a">&#x420;&#x413;&#x411;</subfield>
  </datafield>
  <datafield tag="899" ind1=" " ind2=" ">
    <subfield code="a">&#x411;&#x410;&#x41D;</subfield>
  </datafield>
  <datafield tag="899" ind1=" " ind2=" ">
    <subfield code="a">&#x413;&#x41F;&#x418;&#x411;</subfield>
  </datafield>
  <datafield tag="899" ind1=" " ind2=" ">
    <subfield code="a">&#x421;&#x41F;&#x431;&#x413;&#x422;&#x411;</subfield>
  </datafield>
  <datafield tag="942" ind1=" " ind2=" ">
    <subfield code="c">BOOK</subfield>
  </datafield>
  <datafield tag="980" ind1=" " ind2=" ">
    <subfield code="a">NB</subfield>
  </datafield>
  <datafield tag="980" ind1=" " ind2=" ">
    <subfield code="a">A1XVIIIv</subfield>
  </datafield>
  <datafield tag="995" ind1=" " ind2=" ">
    <subfield code="5">2016-05-13</subfield>
    <subfield code="b">NLR02</subfield>
    <subfield code="c">NLR02</subfield>
    <subfield code="e">RFS</subfield>
    <subfield code="f">9680989-10</subfield>
    <subfield code="k">18.166.2.38</subfield>
    <subfield code="o">0</subfield>
    <subfield code="r">BOOK</subfield>
    <subfield code="s">18166238_</subfield>
  </datafield>
</record>
